[Event "Balears-ch Amateurs"]
[Site "Palma de Mallorca"]
[Date "2016.03.27"]
[Round "5"]
[White "Mateu Moya, Pedro"]
[Black "Lopez Lopez, Xisco"]
[Result "1-0"]
[WhiteElo "1627"]
[BlackElo "1448"]
[PlyCount "73"]
[EventDate "2016.03.24"]
[EventType "swiss"]
[EventRounds "6"]
[EventCountry "ESP"]
[SourceTitle "CBM 171 Extra"]
[Source "ChessBase"]
[SourceDate "2016.04.26"]
[SourceVersion "1"]
[SourceVersionDate "2016.04.26"]
[SourceQuality "1"]

1. e4 d6 2. d4 Nf6 3. Nc3 g6 4. Be3 Bg7 5. Be2 0-0 6. h4 h5 7. Qd2 e5 8. d5 c6 9. 0-0-0 c5 10. Bh6 Kh7 11. Bxg7 Kxg7 12. f3 Rh8 13. Nh3 a6 14. Nf2 b5 15. g4 Qe7 16. Rdg1 Bd7 17. f4 b4 18. Nb1 hxg4 19. Bxg4 Bxg4 20. Nxg4 exf4 21. Qxf4 Nh5 22. Qf3 Nd7 23. Re1 Ne5 24. Nxe5 Qxe5 25. Nd2 Qf6 26. Qg4 Rad8 27. Rhf1 Qe7 28. Re2 Qd7 29. Qf3 Rde8 30. Ref2 Rhf8 31. Rg1 Rh8 32. Rg5 Rh6 33. Rfg2 Reh8 34. Nf1 Qe7 35. Ne3 R6h7 36. Nf5+ Kf8 37. Nxe7 1-0